Green's functions and boundary value problems

Αποθηκεύτηκε σε:
Λεπτομέρειες βιβλιογραφικής εγγραφής
Κύριος συγγραφέας: Stakgold, Ivar
Μορφή: Βιβλίο
Γλώσσα:English
Δημοσίευση: New York : Wiley, c1979
Σειρά:Pure and applied mathematics (John Wiley & Sons: Unnumbered)
Θέματα:
Ετικέτες: Προσθήκη ετικέτας
Δεν υπάρχουν, Καταχωρήστε ετικέτα πρώτοι!

MARC

LEADER 00000cam a2200000 i 4500
001 1/35456
008 941103s1979 eng d
020 |a 0471819670 
035 |l 10039963 
035 |a 1988 
035 |a 1993  |c ΦΛΕΣΣΑΣ 
040 |a GR-MY-UA  |b gre  |e aacr 
041 0 |a eng 
082 0 |a 515.35 
100 1 |a Stakgold, Ivar. 
245 1 0 |a Green's functions and boundary value problems /  |c Ivar Stakgold 
260 |a New York :   |b Wiley,   |c c1979 
300 |a xv, 638 p.;  |b ill.;  |c 24 cm 
490 1 |a Pure and applied mathematics (John Wiley & Sons:Unnumbered) 
500 |a "A Wiley-Interscience publication." 
504 |a Includes bibliographies and index 
650 0 0 |a Boundary value problems. 
650 0 0 |a Green's functions. 
650 0 0 |a Mathematical physics. 
830 0 |a Pure and applied mathematics (John Wiley & Sons: Unnumbered) 
852 |a INST  |b SAMOS  |e 19941103  |h 515.35 STA  |p 005300001476  |q 005300001476  |t BK  |y 0 
852 |a INST  |b SAMOS  |e 19941103  |h 515.35 STA  |p 005300003277  |q 005300003277  |t BK  |y 0 
909 |a Σ  |b 010063 
909 |a Σ  |b 029630